1274 1605 1036 1104 1587 1954 1098 1606 1230 1691 1937 1263 1197 1883 1722 1349 1711 1226 1009 1337 1945 1987 1035 1038 1333 1105 2000 1945 1122 1368 1760 1840 1672 1218 1396 1276 1846 1383 1855 1147 1151 1457 1621 1347 1228 1588 1433 1459 1493 1785 1233 1230 1323 1961 1035 1366 1361 1336 1225 1727 1399 1442 1742 1937 1580 1124 1782 1893 1969 1284 1962 1189 1474 1305 1210 1153 1346 1441 1496 1322 1098 1889 1802 1987 1634 1774 1922 1919 1490 1095 1255 1309 1843 1689 1127 1415 1457 1107 1085 BCNSPRNW ULIB Ver.6.0+V

เปลี่ยนเป็นภาษาไทย

Change to English
 แสดงรายละเอียดบรรณานุกรม
  กลับหน้าหลัก

Brief Record : Get Marc (ISO 2709) : E-mail record : QR code < ปิดหน้าต่าง
LEADER : 00000nam 2200000uu 4500
001    13399109126
003     ULIB
008    110322s2550||||th 000 0 tha d
020    749744140043
050  4 H62^bณ215ร 2550
100    ณรงค์ โพธิ์พฤกษานันท์
245 10 ระเบียบวิธีวิจัย
250    พิมพ์ครั้งที่ 1
260    กรุงเทพฯ :^bเอ็กซเปอร์เน็ท,^c2550
300    351 หน้า :^bภาพประกอบ ;^c21 ซม.
650  7 วิจัย
650  7 ระเบียบวิธีวิจัย
945    ^p300^l0^i029927
945    ^p300^l0^i029928
995    เกษร
999 ^a ใช้งานได้ทุกระบบ
รายการนี้ยังไม่มีแท็ก
คุณยังไม่ได้ล็อกอิน คุณสามารถมีกิจกรรมร่วมกับเว็บไซต์ได้ แต่ต้องล็อกอินก่อน ::
  ล็อกอิน

รายการสื่อสารสนเทศ

ลำดับที่ ประเภท เลขเรียก/บาร์โค้ด สถานที่ สถานะ
- ไม่พบข้อมูล -

รายการใกล้เคียง
    ชื่อเรื่อง [ระเบียบวิธีวิจัย]

    หัวเรื่อง [วิจัย]
    หัวเรื่อง [ระเบียบวิธีวิจัย]

BibComment


ยังไม่เคยถูกคอมเมนท์

คอมเมนท์ทรัพยากรรายการนี้
  คอมเมนท์: ระเบียบวิธีวิจัย


 Copyright 2026. Bcnsprnw @Library